00652nam a22001937a 450000500170000001000230001702000260004003500140006603700090008008200080008910000080009724500940010526000320019927001130023130000200034450000820036470000090044670000030045520241220165418.0 aDEC24UP ENG-143143 c360.00a9789363193697 aEN-126675 bDBAD a000 aLal aStaff Selection Commission:bCentral Armed police Forces Constables/cby Lal [and] Jain  aAgrabUpkar Prakashanc2024 bAgraa1 State Bank Colony, Near Khandari, Agra-Mathura Bypass Road,e282005k2530966k2531101mcare@upkar.in avpp.c26cm(pbk) aRecruitment Examination General Duty (BSF/CISF/CRPF/SSB/ITBP/AR/NIA/SSF/NCB)  aJain